LEADER 01210nam a2200301 i 4500 001 991001431679707536 005 20020507125807.0 008 010620s|||| it ||| | ita 020 $a8824415589 035 $ab10219808-39ule_inst 035 $aLE02985822$9ExL 040 $aISUFI - Sett. Diritti e Politiche Euromediterranee$bita 082 0 $a343 100 1 $aBrugaletta, Francesco$0262952 245 10$aInternet per giuristi :$bla prima guida italiana alle informazioni giuridiche on line :$baggiornata al 2000 /$cFrancesco Brugaletta 250 $a3. ed. 260 $aNapoli :$bEsselibri-Simone,$cstampa 2000 300 $a317 p. ;$c21 cm$e+ 1 CD-ROM 490 0 $aDiritto & informatica ;$v5 500 $aIl CD-ROM contiene i mirror di 12 siti giuridici, software e link ad oltre 600 siti di interesse giuridico 650 4$aDiritto$xArchivi di dati 650 4$aInternet 907 $a.b10219808$b17-02-17$c27-06-02 912 $a991001431679707536 945 $aLE029 343 BRU01.01 E.C.$g1$iLE029-2571$lle029$o-$pE0.00$q-$rn$so $t0$u0$v0$w0$x0$y.i10268972$z27-06-02 996 $aInternet per giuristi$964137 997 $aUNISALENTO 998 $ale029$b01-01-01$cm$da $e-$feng$gxx $h0$i1